UCF Football: Top 10 All-Time Leaders - Statistics

General Stats
  • This quiz has been taken 3 times
  • The average score is 25 of 58
Answer Stats
Category # Player Amount % Correct
Passing Yards 6 Blake Bortles 7,598
100%
Passing Yards 1 Daunte Culpepper 11,412
100%
Rushing Yards 1 Kevin Smith 4,679
100%
Rushing Yards 6 Marquette Smith 2,569
100%
Receiving Yards 3 Tre'Quan Smith 2,748
100%
Sacks 1 Bruce Miller 35.5
67%
Rushing Yards 8 Brynn Harvey 2,451
67%
Passing Yards 5 Dillon Gabriel 8,037
67%
Receiving Yards 7 Gabe Davis 2,447
67%
Receiving Yards 9 J.J. Worton 2,360
67%
Passing Yards 4 McKenzie Milton 8,683
67%
Rushing Yards 2 RJ Harvey 3,792
67%
Tackles 8 Terrance Plummer 334
67%
Rushing Yards 7 Adrian Killins 2,459
33%
Rushing Yards 3 Alex Haynes 3,359
33%
Tackles 2 Bill Giovanetti 429
33%
Sacks T7 Bobby Spitulski 22.0
33%
Tackles 3 Clayton Geathers 383
33%
Passing Yards 9 Dana Thyhsen 4,982
33%
Passing Yards 3 Darin Hinshaw 9,000
33%
Passing Yards 7 Darin Slack 6,302
33%
Tackles 6 Darrell Rudd 347
33%
Sacks 2 Darrell Rudd 31.5
33%
Receiving Yards 1 David Rhodes 3,618
33%
Sacks 4 Elton Patterson 30.5
33%
Sacks 9 Emil Ekiyor 20.5
33%
Rushing Yards 5 George McCrae 2,620
33%
Sacks 3 Greg Jefferson 31.0
33%
Interceptions T7 Jacoby Glenn 9
33%
Tackles 9 Jason Venson 322
33%
Sacks 5 Jermaine Benoit 28.5
33%
Receiving Yards 6 Jimmy Fryzel 2,469
33%
Interceptions 1 Joe Burnett 16
33%
Interceptions 4 Johnell Neal 12
33%
Interceptions T5 Josh Robinson 10
33%
Passing Yards 10 Justin Holman 4,916
33%
Sacks 10 Keenan Wimbley 19.0
33%
Interceptions 3 Keith Evans 13
33%
Tackles 4 Kemal Ishmael 368
33%
Receiving Yards 10 Kobe Hudson 2,311
33%
Rushing Yards 9 Latavius Murray 2,424
33%
Receiving Yards 2 Mark Nonsant 2,809
33%
Sacks T7 Michael O'Shaughnessy 22.0
33%
Receiving Yards 4 Mike Sims-Walker 2,561
33%
Tackles 5 Nakia Reddick 354
33%
Rushing Yards 10 Otis Anderson Jr. 2,182
33%
Interceptions T7 Reggie Edwards 9
33%
Interceptions T5 Richie Grant 10
33%
Tackles 1 Rick Hamilton 443
33%
Passing Yards 2 Ryan Schneider 10,976
33%
Receiving Yards 5 Sean Beckton 2,493
33%
Interceptions 2 Sha'reff Rashad 14
33%
Passing Yards 8 Steven Moffett 6,199
33%
Receiving Yards 8 Ted Wilson 2,443
33%
Tackles 10 Tito Rodriguez 321
33%
Sacks 6 Tre'Mon Morris-Brash 26.0
33%
Rushing Yards 4 Willie English 3,131
33%
Tackles 7 Wyatt Bogan 341
33%
No matching quizzes found
Score Distribution
Percent of People with Each Score
Percentile by Number Answered
Your Score History
You have not taken this quiz